Les plus gros transferts du football - Arrières guaches - 2016-2017 - Statistiques

Statistiques générales
  • Ce quiz a été pris 25 fois
  • Le résultat moyen est 3 sur 12
Statistiques - réponses
Montant de transfert (M €) Nationalité Venant de Allant à Joueur % Correct
6,00 Belgique FC Bruges Paris SG Thomas Meunier
83%
15,00 France LOSC Lille AS Monaco Djibril Sidibé
71%
14,00 Croatie Sassuolo Atlético Madrid Sime Vrsaljko
42%
4,00 Chili Juventus Turin Cagliari Calcio Mauricio Isla
38%
5,90 États-Unis Tottenham Newcastle United DeAndre Yedlin
17%
4,00 Espagne FC Sevilla FC Schalke 04 Coke
13%
6,00 Mexique Watford FC Porto Miguel Layún
13%
8,28 China Liaoning FC Beijing Guoan Taiyan Jin
13%
4,70 Cameroun FC Watford West Brom Allan Nyom
8%
8,90 Pays-Bas Newcastle United Watford Daryl Janmaat
8%
10,95 China SD Luneng Hebei Fortune Mingjian Zhao
4%
4,00 Suisse / Autriche Grasshoppers Rubin Kazan Moritz Bauer
0%
Aucun quiz correspondant
Distribution des résultats
% des personnes avec chaque résultat
Percentile par nombre de réponses
Votre historique - résultats
Vous n’avez pas pris ce quiz